000 00980nam a2200265Ia 4500
003 OSt
005 20220923211347.0
006 a|||||r|||| 00| 0
007 ta
008 220922b |||||||| |||| 00| 0 hin d
020 _a9788184204964 (hbk)
_c1100
024 _a354,675
037 _b116, 27/12/2021, Eastern Book Linkers
_cTextual
040 _aARTS
_cARTS
_bhin
041 _2hin
_ahin
082 _aY7, 152Q9
100 _aअग्रवाल, सत्येन्द्र, ले.
_9160296
245 0 _aनक्सलवाद एक समस्या
246 _aNaksalavād ek samasyā
260 _aनई दिल्ली
_b सुमित इन्टरप्राइजेज
_c2019
300 _a231पृ.
_ccm.
650 _aसमाजशास्त्र
942 _hY7, 152Q9
_cTEXL
_2CC
999 _c298757
_d298757